| 000 | 01136nas a2200361 4500 | ||
|---|---|---|---|
| 001 | BR0504484 | ||
| 003 | BR-BrBNA | ||
| 005 | 20231205105732.0 | ||
| 007 | ta | ||
| 008 | 230509b bl.|||p| |||| 00| 00por d | ||
| 040 |
_aBR-BrBNA _bpor _cBiblioteca Nacional de Agricultura |
||
| 041 | _a(Pt) | ||
| 072 | _aL01; L52; Q04 | ||
| 100 | 1 | _aPavan, A.C. | |
| 100 | 1 | _aMóri, C. | |
| 100 | 1 | _aGarcia, E.A. | |
| 100 | 1 | _aScherer, M.R. | |
| 100 | 1 | _aPizzolante, C.C. | |
| 245 | 1 | _aNíveis de proteína bruta e de aminoácidos sulfurados totais sobre o desempenho, a qualidade dos ovos e a excreção de nitrogênio de poedeiras de ovos marrons | |
| 650 | _aGALINHA PARA POSTURA | ||
| 650 | _aPRODUÇÃO ANIMAL | ||
| 650 | _aPROTEÍNA BRUTA | ||
| 650 | _aPERFORMANCE | ||
| 650 | _aRAÇÃO BALANCEADA | ||
| 650 | _aDIETA | ||
| 650 | _aAMINOÁCIDO | ||
| 650 | _aOVO | ||
| 650 | _aQUALIDADE | ||
| 650 | _aCOMPOSIÇÃO DE ALIMENTO | ||
| 773 | 0 |
_tRevista Brasileira de Zootecnia (Brazil) _xISSN 1516-3598 _g(Mar-Apr 2005), v. 34(2) p. 568-574 _wBR0504484 |
|
| 909 |
_a202311 _bLúcia _c55 _dLúcia Elande |
||
| 942 |
_2AGRIS _n0 _cANA |
||
| 999 |
_c184416 _d184416 |
||